LEADER 01059nam0 22002651i 450 001 UON00039459 005 20231205102139.216 100 $a20020107d1950 |0itac50 ba 101 $afre 102 $aFR 105 $a|||| 1|||| 200 1 $aHistoire de la littérature hébraique et juive$edepuis les origines jusq'à la ruine de l'état juif (135 après J.-C.)$fAdolphe Lods 210 $aParis$cPayot$d1950 215 $a1054 p.$d21 cm 606 $aLetteratura ebraica$xStoria$3UONC002499$2FI 620 $aFR$dParis$3UONL002984 686 $aSEB VI$cSTUDI EBRAICI - LETTERATURA$2A 700 1$aLODS$bAdolphe$3UONV018338$0139440 712 $aPayot$3UONV246197$4650 801 $aIT$bSOL$c20251031$gRICA 899 $aSIBA - SISTEMA BIBLIOTECARIO DI ATENEO$2UONSI 912 $aUON00039459 950 $aSIBA - SISTEMA BIBLIOTECARIO DI ATENEO$dSI SEB VI 008 $eSI MR 28725 5 008 996 $aHistoire de la littérature hébraique et juive$91155292 997 $aUNIOR